[Event "Kiev Malakhatko Memorial"]
[Site "Kiev"]
[Date "2023.07.15"]
[Round "11"]
[White "Chubar, Vladimir"]
[Black "Prohorov, Olexandr"]
[Result "0-1"]
[WhiteElo "1776"]
[BlackElo "2086"]
[PlyCount "104"]
[EventDate "2023.07.15"]
[EventType "tourn (blitz)"]
[EventRounds "15"]
[EventCountry "UKR"]
[SourceTitle "CBM 215 Extra"]
[Source "ChessBase"]
[SourceDate "2023.09.30"]
[SourceVersion "1"]
[SourceVersionDate "2023.09.30"]
[SourceQuality "1"]

1. d4 b5 2. Bf4 Bb7 3. e3 a6 4. Nf3 e6 5. c4 bxc4 6. Bxc4 Nf6 7. Nc3 Be7 8. 0-0 0-0 9. h3 d5 10. Bd3 c5 11. Rc1 Nc6 12. Bg5 h6 13. Bh4 cxd4 14. exd4 Rc8 15. Bb1 Nd7 16. Bg3 Bf6 17. Qd3 g6 18. h4 h5 19. a3 Bg7 20. Rfe1 Na5 21. Ng5 Qf6 22. Qd1 Nc4 23. Qb3 Rb8 24. Nf3 Bc6 25. Qd1 Rxb2 26. Ne5 Ndxe5 27. dxe5 Qd8 28. Rc2 Rb7 29. Ba2 Nxa3 30. Rc1 Rc7 31. Ne2 Nb5 32. Nd4 Nxd4 33. Qxd4 Bb5 34. Bf4 Qd7 35. Bg5 Rfc8 36. Rxc7 Rxc7 37. Bf6 Qc6 38. Qf4 Qc2 39. Bxg7 Kxg7 40. Qf6+ Kh7 41. Bb1 Qd2 42. Rf1 Bxf1 43. Bxg6+ fxg6 44. Qxe6 Qf4 45. g3 Qf7 46. Qd6 Bh3 47. Kh2 Be6 48. f4 d4 49. Qxd4 Bd5 50. Qe3 Rc2+ 51. Kg1 Qb7 52. e6 Qb1+ 0-1

[Event "Kiev Blitz Marathon"]
[Site "Kiev"]
[Date "2023.04.22"]
[Round "5"]
[White "Chubar, Vladimir"]
[Black "Prohorov, Olexandr"]
[Result "1/2-1/2"]
[WhiteElo "1830"]
[BlackElo "2086"]
[PlyCount "129"]
[EventDate "2023.04.22"]
[EventType "tourn (blitz)"]
[EventRounds "54"]
[EventCountry "UKR"]
[SourceTitle "CBM 213 Extra"]
[Source "ChessBase"]
[SourceDate "2023.05.31"]
[SourceVersion "1"]
[SourceVersionDate "2023.05.31"]
[SourceQuality "1"]

1. d4 Nf6 2. Nf3 g6 3. Bg5 Bg7 4. Nbd2 c5 5. Bxf6 Bxf6 6. Ne4 Bxd4 7. Nxd4 cxd4 8. Qxd4 0-0 9. c4 Nc6 10. Qd2 Qa5 11. Nc3 d6 12. e4 Be6 13. Be2 a6 14. 0-0 Rac8 15. b3 Qb4 16. Rfd1 Rfd8 17. Rac1 Ne5 18. Nd5 Qxd2 19. Rxd2 Bxd5 20. exd5 Kg7 21. f4 Nd7 22. Bg4 f5 23. Be2 b5 24. Rdc2 b4 25. Bf3 a5 26. Re1 Kf7 27. Rce2 Re8 28. g4 Nf6 29. gxf5 gxf5 30. Kf2 Rc7 31. Rg1 Rg8 32. Ree1 Ra8 33. Rg5 a4 34. Reg1 axb3 35. axb3 Ra2+ 36. Ke3 Rb2 37. Bd1 Ne8 38. Rxf5+ Nf6 39. Rfg5 Ke8 40. R5g2 Rb1 41. Bh5+ Nxh5 42. Rxb1 Ra7 43. Rbb2 Ra1 44. Ra2 Rb1 45. Rgb2 Re1+ 46. Kf3 Rf1+ 47. Kg4 Nxf4 48. Rf2 h5+ 49. Kg3 Rxf2 50. Rxf2 Nd3 51. Rf3 Ne5 52. Re3 Kf7 53. Kh4 Kg6 54. Rg3+ Kf5 55. Rg5+ Kf4 56. Kxh5 Nf3 57. Rg3 Nxh2 58. Rg7 Nf3 59. Rxe7 Nd2 60. Re6 Nxb3 61. Rxd6 Nd4 62. c5 Ke5 63. Rb6 Kxd5 64. Rxb4 Kxc5 65. Rxd4 1/2-1/2

[Event "Kiev Spring op"]
[Site "Kiev"]
[Date "2023.03.31"]
[Round "9"]
[White "Romanyuk, Denis"]
[Black "Chubar, Vladimir"]
[Result "0-1"]
[WhiteElo "1291"]
[BlackElo "1802"]
[PlyCount "104"]
[EventDate "2023.03.25"]
[EventType "swiss"]
[EventRounds "9"]
[EventCountry "UKR"]
[SourceTitle "EXT 2024"]
[Source "ChessBase"]
[SourceDate "2023.10.10"]
[SourceVersion "1"]
[SourceVersionDate "2023.10.10"]
[SourceQuality "1"]

1. e4 g6 2. d4 Bg7 3. Nc3 d6 4. Be3 c6 5. Qd2 Nd7 6. 0-0-0 b5 7. h4 h5 8. f3 Qa5 9. Kb1 Nb6 10. Bd3 Nc4 11. Bxc4 bxc4 12. Nge2 Rb8 13. Ka1 Be6 14. Nf4 Bc8 15. Nce2 Qc7 16. Qc3 Ba6 17. g4 hxg4 18. fxg4 Nf6 19. Ng3 Nxg4 20. h5 Nxe3 21. Qxe3 c5 22. hxg6 Rxh1 23. gxf7+ Kxf7 24. Nxh1 Bxd4 25. Rxd4 cxd4 26. Qxd4 Qb6 27. Qd5+ Ke8 28. Qg8+ Kd7 29. Qe6+ Kc6 30. Qd5+ Kc7 31. Qd4 Qxd4 32. Ne6+ Kd7 33. Nxd4 e5 34. Nf5 Bb7 35. Nhg3 Rf8 36. b3 c3 37. a4 Bxe4 38. Nxe4 Rxf5 39. Nxc3 Kc6 40. Kb2 d5 41. b4 d4 42. Ne4 Kd5 43. Nc5 a5 44. Ka3 Rf3+ 45. Nb3 axb4+ 46. Kxb4 e4 47. Nd2 Rf2 48. c4+ Ke5 49. Nb3 Rb2 50. a5 e3 51. a6 e2 52. a7 e1Q+ 0-1

[Event "Liberec op 22nd"]
[Site "Liberec"]
[Date "2023.03.01"]
[Round "7"]
[White "Chubar, Vladimir"]
[Black "Blazek, Matej"]
[Result "1-0"]
[WhiteElo "1802"]
[BlackElo "1925"]
[PlyCount "55"]
[EventDate "2023.02.24"]
[EventType "swiss"]
[EventRounds "9"]
[EventCountry "CZE"]
[SourceTitle "CBM 213 Extra"]
[Source "ChessBase"]
[SourceDate "2023.05.31"]
[SourceVersion "1"]
[SourceVersionDate "2023.05.31"]
[SourceQuality "1"]

1. d4 d5 2. Nf3 Nf6 3. Bg5 Nbd7 4. Nbd2 c5 5. e3 e6 6. c3 Qb6 7. Rb1 Bd6 8. Bd3 0-0 9. 0-0 Qc7 10. e4 e5 11. Bxf6 Nxf6 12. dxe5 Bxe5 13. Nxe5 Qxe5 14. Nf3 Qh5 15. e5 Nd7 16. Re1 Nb6 17. h3 Be6 18. Qd2 h6 19. Qf4 g5 20. Qg3 Kh8 21. Nh2 a6 22. Ng4 Nd7 23. Bc2 Kg7 24. Rbd1 Qh4 25. Qd3 Rh8 26. Ne3 c4 27. Nf5+ Kf8 28. Qe2 1-0

[Event "Pardubice rapid op 33rd"]
[Site "Pardubice"]
[Date "2022.07.21"]
[Round "8"]
[White "Chubar, Vladimir"]
[Black "Sir, Zbynek"]
[Result "0-1"]
[WhiteElo "1809"]
[BlackElo "2199"]
[PlyCount "54"]
[EventDate "2022.07.20"]
[EventType "swiss (rapid)"]
[EventRounds "9"]
[EventCountry "CZE"]
[SourceTitle "CBM 209 Extra"]
[Source "ChessBase"]
[SourceDate "2022.09.30"]
[SourceVersion "1"]
[SourceVersionDate "2022.09.30"]
[SourceQuality "1"]

1. d4 c5 2. c3 d5 3. Nf3 Nc6 4. Bf4 cxd4 5. cxd4 Nf6 6. Nc3 Ne4 7. e3 Nxc3 8. bxc3 Qa5 9. Qb3 e6 10. Bd3 Be7 11. 0-0 0-0 12. Rad1 b6 13. c4 Nb4 14. Ne5 f6 15. a3 Nxd3 16. Nxd3 Qxa3 17. Qxa3 Bxa3 18. cxd5 exd5 19. Ra1 Be7 20. Rfc1 Bf5 21. Rc3 Rfc8 22. Rac1 a5 23. Bg3 Rxc3 24. Rxc3 Bb4 25. Rb3 Bxd3 26. Rxd3 a4 27. Rd1 a3 0-1

[Event "Pardubice rapid op 33rd"]
[Site "Pardubice"]
[Date "2022.07.20"]
[Round "2"]
[White "Chubar, Vladimir"]
[Black "Brejnik, Gustav"]
[Result "0-1"]
[WhiteElo "1809"]
[BlackElo "2292"]
[PlyCount "92"]
[EventDate "2022.07.20"]
[EventType "swiss (rapid)"]
[EventRounds "9"]
[EventCountry "CZE"]
[SourceTitle "CBM 209 Extra"]
[Source "ChessBase"]
[SourceDate "2022.09.30"]
[SourceVersion "1"]
[SourceVersionDate "2022.09.30"]
[SourceQuality "1"]

1. Nf3 d5 2. d4 Nf6 3. Bf4 c5 4. e3 Qb6 5. Nc3 e6 6. Rb1 Be7 7. Be2 0-0 8. Bg5 Nc6 9. 0-0 cxd4 10. exd4 h6 11. Bh4 Bd7 12. Bd3 Rfc8 13. a3 Be8 14. Re1 Rd8 15. b4 Qc7 16. Ne2 Ne4 17. b5 Bxh4 18. Nxh4 Na5 19. Nf3 Nc4 20. Rb3 Rac8 21. Ng3 Nxg3 22. hxg3 Qa5 23. g4 g6 24. Qc1 Kg7 25. g5 hxg5 26. Qxg5 Rd7 27. Re2 Qd8 28. Qg3 Qf6 29. Bxc4 dxc4 30. Rbe3 Rd5 31. a4 a6 32. c3 axb5 33. axb5 Rxb5 34. Ne5 Rb1+ 35. Re1 Rxe1+ 36. Rxe1 Bc6 37. Ng4 Qg5 38. f4 Qf5 39. Ne3 Qd3 40. f5 exf5 41. Qe5+ Kg8 42. d5 Re8 43. Qf6 Rxe3 44. Ra1 Qxd5 45. Ra8+ Re8 46. Rxe8+ Bxe8 0-1

[Event "UKR-ch Rapid"]
[Site "Omelnyk"]
[Date "2021.10.01"]
[Round "1"]
[White "Chubar, Vladimir"]
[Black "Yurovskich, Oleksandr"]
[Result "0-1"]
[WhiteElo "1839"]
[BlackElo "2285"]
[PlyCount "74"]
[EventDate "2021.10.01"]
[EventType "swiss (rapid)"]
[EventRounds "9"]
[EventCountry "UKR"]
[SourceTitle "CBM 204 Extra"]
[Source "ChessBase"]
[SourceDate "2021.11.30"]
[SourceVersion "1"]
[SourceVersionDate "2021.11.30"]
[SourceQuality "1"]

1. d4 d5 2. Nc3 Nf6 3. Bf4 a6 4. e3 e6 5. Nf3 b5 6. Bd3 Bb7 7. 0-0 Nbd7 8. Re1 Ne4 9. Ne5 Be7 10. a4 b4 11. Ne2 Nxe5 12. Bxe5 0-0 13. Ng3 Bd6 14. Bxd6 cxd6 15. f3 Nxg3 16. hxg3 e5 17. Qd2 a5 18. c4 dxc4 19. Bxc4 Qb6 20. Rad1 Rac8 21. b3 d5 22. Bb5 Rc3 23. dxe5 Rxb3 24. Qd4 Qxd4 25. Rxd4 g6 26. Rc1 Rxe3 27. Rc7 Ba8 28. f4 Rxg3 29. e6 fxe6 30. Bd7 Rc3 31. Bxe6+ Kh8 32. Rd7 b3 33. Bxd5 Bxd5 34. R7xd5 b2 35. Rd1 Rc1 36. Kh2 b1Q 37. Rxc1 Qxc1 0-1

[Event "UKR-ch sf"]
[Site "Omelnyk"]
[Date "2021.09.22"]
[Round "1"]
[White "Chubar, Vladimir"]
[Black "Golubka, Petr"]
[Result "0-1"]
[WhiteElo "1839"]
[BlackElo "2438"]
[PlyCount "98"]
[EventDate "2021.09.22"]
[EventType "swiss"]
[EventRounds "9"]
[EventCountry "UKR"]
[SourceTitle "CBM 204 Extra"]
[Source "ChessBase"]
[SourceDate "2021.11.30"]
[SourceVersion "1"]
[SourceVersionDate "2021.11.30"]
[SourceQuality "1"]

1. d4 b6 2. Bf4 Bb7 3. e3 e6 4. Nf3 Be7 5. Bd3 d6 6. c4 g5 7. Bg3 g4 8. Nfd2 Bxg2 9. Rg1 Bh3 10. f4 Nf6 11. e4 Nc6 12. d5 Nd4 13. Nc3 c5 14. dxc6 Nxc6 15. Qa4 Rc8 16. 0-0-0 Nd7 17. Nb3 a6 18. Bf2 Qc7 19. Kb1 h5 20. e5 0-0 21. Nd5 exd5 22. cxd5 Ncxe5 23. fxe5 Nxe5 24. Bf5 Qc4 25. Qxc4 Rxc4 26. Bxb6 Rb8 27. Ba5 Nf3 28. Rg3 Rf4 29. Bd7 h4 30. Rxh3 gxh3 31. Bxh3 Rf6 32. Bc3 Rg6 33. Nd4 Nxd4 34. Bxd4 Bf6 35. Bf5 Rh6 36. b3 Bxd4 37. Rxd4 Re8 38. Rg4+ Kf8 39. Be4 Re5 40. Rf4 Ke7 41. Kc2 f5 42. Bd3 a5 43. Rxf5 Rxf5 44. Bxf5 Rf6 45. Be6 Rf2+ 46. Kc3 Rxh2 47. a4 h3 48. Bf5 Rf2 49. Be4 h2 0-1

[Event "Mariupol CC 50th Aniversary"]
[Site "Mariupol"]
[Date "2021.06.13"]
[Round "9"]
[White "Vasilenko, Ekaterina"]
[Black "Chubar, Vladimir"]
[Result "1-0"]
[WhiteElo "1737"]
[BlackElo "1958"]
[PlyCount "57"]
[EventDate "2021.06.08"]
[EventType "swiss"]
[EventRounds "9"]
[EventCountry "UKR"]
[SourceTitle "EXT 2023"]
[Source "ChessBase"]
[SourceDate "2022.10.05"]
[SourceVersion "1"]
[SourceVersionDate "2022.10.05"]
[SourceQuality "1"]

1. e4 e6 2. d4 d5 3. Nc3 dxe4 4. Nxe4 Bd7 5. Nf3 Bc6 6. Bd3 Nd7 7. 0-0 Be7 8. c4 Ngf6 9. Ng3 0-0 10. Ne5 Re8 11. Nxc6 bxc6 12. Qf3 c5 13. Be3 cxd4 14. Bxd4 Nc5 15. Bxc5 Bxc5 16. Ne4 Nxe4 17. Bxe4 Rb8 18. Qh5 Bd4 19. Qxh7+ Kf8 20. Bc6 Rxb2 21. Rad1 e5 22. Qh8+ Ke7 23. Bxe8 Rxf2 24. Qh4+ g5 25. Qxg5+ f6 26. Qg7+ Kxe8 27. Qg8+ Ke7 28. Qxd8+ Kxd8 29. Rxd4+ 1-0

[Event "Mariupol CC 50th Aniversary"]
[Site "Mariupol"]
[Date "2021.06.12"]
[Round "8"]
[White "Chubar, Vladimir"]
[Black "Basova, Polina"]
[Result "1-0"]
[WhiteElo "1958"]
[BlackElo "1514"]
[PlyCount "73"]
[EventDate "2021.06.08"]
[EventType "swiss"]
[EventRounds "9"]
[EventCountry "UKR"]
[SourceTitle "EXT 2023"]
[Source "ChessBase"]
[SourceDate "2022.10.05"]
[SourceVersion "1"]
[SourceVersionDate "2022.10.05"]
[SourceQuality "1"]

1. d4 Nf6 2. Nf3 g6 3. Bg5 d5 4. Nbd2 Bg7 5. e3 0-0 6. Bd3 Be6 7. 0-0 Nbd7 8. h3 c5 9. c3 Qb6 10. Rb1 Rac8 11. Qe2 Qa5 12. a3 c4 13. Bc2 Nb6 14. Ne5 Na4 15. f4 Rc7 16. Qf2 Bc8 17. Qh4 Nb6 18. Bh6 Nbd7 19. f5 Nh5 20. Bxg7 Kxg7 21. g4 Nhf6 22. g5 Nh5 23. Nxd7 Bxd7 24. f6+ exf6 25. gxf6+ Kh8 26. Bd1 Rg8 27. Bg4 Qb6 28. Kh1 Qd6 29. Rf3 Rc6 30. Bxh5 gxh5 31. Qxh5 Rg6 32. Rbf1 Rb6 33. Rf4 Rxb2 34. Nf3 Rxf6 35. Ne5 Rxf4 36. Rxf4 Be8 37. Rxf7 1-0